000 00516nam a2200181Ia 4500
008 240729s9999 xx 000 0 und d
022 _a2624-8212
245 0 _aFrontiers in Artificial Intelligence
260 _aSwitzerland
260 _bFrontiers Media S.A.
650 _a Electronic computers. Computer science
650 _a Instruments and machines
650 _a Mathematics
650 _aScience
856 _uhttps://doaj.org/toc/80316dac4e484f1b8500543b61f1beb7
942 _2ddc
942 _cDOAJEJ
999 _c72451
_d72451
945 _a1
_bMadushi Gamage
_c1
_dMadushi Gamage